Hóa học và đời sống = Chemistry in the community

Na minha lista:
Detalhes bibliográficos
Autor principal: American chemical Society
Formato: Livro
Idioma:Undetermined
Publicado em: Tp. HCM Trẻ 2002
Assuntos:
Tags: Adicionar Tag
Sem tags, seja o primeiro a adicionar uma tag!
Thư viện lưu trữ: Trung tâm Học liệu Trường Đại học Cần Thơ
LEADER 00555nam a2200181Ia 4500
001 CTU_47335
008 210402s9999 xx 000 0 und d
082 |a 612.015 
082 |b A512/T2 
100 |a American chemical Society 
245 0 |a Hóa học và đời sống 
245 0 |b = Chemistry in the community 
245 0 |c American chemical Society; Nguyễn Văn Sang dịch 
260 |a Tp. HCM 
260 |b Trẻ 
260 |c 2002 
650 |a biochemistry,human physiology 
980 |a Trung tâm Học liệu Trường Đại học Cần Thơ